000 01703nam a2200181 4500
999 _c512651
_d512651
008 191205b ||||| |||| 00| 0 eng d
100 _aBan, Cornel
_914284
245 _aThe professional politics of the austerity debate: A comparative field analysis of the European Central Bank and the international monetary fund
260 _bPublic Administration
300 _a97(3), 2019: p.530-545.
520 _aHow do different professional structures shape the economic ideas that international economic organizations use to prescribe policy recommendations or derive legitimacy and authority for them? The comparative professional field analysis proposed herein deploys a novel combination of content, network and regression analysis to uncover the precise role of different qualifications, experiences and hierarchies in shaping the economic expertise invoked by the European Central Bank's and the International Monetary Fund's main policy documents, with a specific focus on debates over fiscal consolidation in the wake of the global financial crisis of 2008. The findings challenge much of the scholarship about how economic ideas diffuse across professional domains and where change on macroeconomic policy in international economic organizations is likely to come from. As such, the article should be of interest to scholarship on international bureaucracies, the politics of professional knowledge and the international political economy of fiscal consolidation. - Reproduced.
650 _aCentral Banks
_914285
650 _aInternational Monetary Fund
_914286
700 _aPatenaude, Bryan
_914287
773 _aPublic Administration
906 _aBanks and banking
942 _2ddc
_cAR